书目信息 |
| 题名: |
打劳动保护官司必读
|
|
| 作者: | 陈文渊 编著 | |
| 分册: | ||
| 出版信息: | 哈尔滨 黑龙江人民出版社 1997 |
|
| 页数: | 338页 | |
| 开本: | 19cm | |
| 丛书名: | ||
| 单 册: | ||
| 中图分类: | D922.544 | |
| 科图分类: | ||
| 主题词: | 劳动保护--劳动法--基本知识--中国 | |
| 电子资源: | ||
| ISBN: | 7-207-03576-4 | |
| 000 | 00681nam0 2200229 450 | |
| 001 | 0100585317 | |
| 005 | 20100708125753.0 | |
| 010 | @a7-207-03576-4@dCNY13.00 | |
| 011 | @a7-207-03576-4 | |
| 100 | @a20021005d1997 em y0chiy0110 ea | |
| 101 | 0 | @achi |
| 102 | @aCN@b230000 | |
| 105 | @ay zn 000yy | |
| 106 | @ar | |
| 200 | 1 | @a打劳动保护官司必读@9Da Lao Dong Bao Hu Guan Si Bi Dou;Du @f陈文渊编著@b专著 |
| 210 | @a哈尔滨@c黑龙江人民出版社@d1997 | |
| 215 | @a338页@d19cm | |
| 606 | 0 | @a劳动保护@x劳动法@x基本知识@y中国 |
| 690 | @aD922.544@v3 | |
| 701 | 0 | @a陈文渊@f(1927~)@9chen wen yuan@4编著 |
| 801 | 0 | @aCN@bAiZhiMarc@c19970814 |
| 905 | @aBZT@dD922.544@e3@f3@sD922.544/3 | |
| 打劳动保护官司必读/陈文渊编著.-哈尔滨:黑龙江人民出版社,1997 |
| 338页;19cm |
| ISBN 7-207-03576-4:CNY13.00 |
| ● |
| 相关链接 |
|
|
|
正题名:打劳动保护官司必读
索取号:D922.544/3
 
预约/预借
| 序号 | 登录号 | 条形码 | 馆藏地/架位号 | 状态 | 备注 |
| 1 | 2000150309 | 2000150309 | 旧书回溯/ [索取号:D922.544/3] | 在馆 | |
| 2 | 2000151186 | 2000151186 | 旧书回溯/ [索取号:D922.544/3] | 在馆 | |
| 3 | 2000151191 | 2000151191 | 旧书回溯/ [索取号:D922.544/3] | 在馆 |